000 00315nam a22001337a 4500
008 181218b xxu||||| |||| 00| 0 eng d
020 _a9780721677286
041 _aeng
080 _a616.5
100 _a7
101 _aDER
245 _aComprehensive Dermatologic Drug Therapy
_cWolverton, S.E
942 _2udc
_cBK
999 _c53397
_d53397